000 00302nam a2200133Ia 4500
008 150201s2008 xx 000 0 und d
082 _a612.015
_bB08P
100 _aPANDA,UN
245 _aHB OF BIOCHEMISTRY
250 _a1ST
260 _bAITBS
_aDELHI
_c2008
650 _aBIOCHEMISTRY
942 _2ddc
_cBK
999 _c707
_d707